000 02041cam a22004094a 4500
001 16786593
003 OSt
005 20180116192425.0
008 110519s2012 enka b 001 0 eng
010 _a 2011021736
016 7 _a015903463
_2Uk
020 _a9780415561860 (hardback : alk. paper)
020 _a0415561868 (hardback : alk. paper)
020 _a9780415561877 (pbk. : alk. paper)
020 _a0415561876 (pbk. : alk. paper)
035 _a(OCoLC)ocn587110244
040 _aDLC
_cDLC
_dBTCTA
_dUKMGB
_dERASA
_dYDXCP
_dCDX
_dTXA
_dDLC
042 _apcc
043 _ae-uk---
050 0 0 _aNA2541
_b.H39 2012
082 0 0 _a720.470941
_223
100 1 _aHawkes, Dean.
_97904
245 1 0 _aArchitecture and climate :
_ban environmental history of British architecture, 1600-2000 /
_cDean Hawkes.
246 3 0 _aEnvironmental history of British architecture, 1600-2000
250 _a1st ed.
260 _aLondon ;
_aNew York, NY :
_bRoutledge,
_c2012.
300 _ax, 261 p. :
_bill. (some col.) ;
_c25 cm.
504 _aIncludes bibliographical references (p. 248-254) and index.
505 0 _aIntroduction -- Climate described -- Robert Smythson and the environment of the Elizabethan country house -- Christopher Wren and the origins of building science -- Palladianism and the climate of England -- Building in the climate of the nineteenth century city -- The arts and crafts house climatically considered -- The modern movement house in the British climate -- The environmental architecture of Alison and Peter Smithson.
650 0 _aArchitecture and climate
_zGreat Britain
_xHistory.
_97905
650 0 _aArchitecture
_xEnvironmental aspects
_zGreat Britain
_xHistory.
_97906
906 _a7
_bcbc
_corignew
_d1
_eecip
_f20
_gy-gencatlg
942 _2ddc
_cBK
999 _c354037
_d354037